Największe prowincje państw na świecie - Statystyki

Ogólne statystyki
  • Ten quiz został rozwiązany 49 razy
  • Średni wynik to 4 z 40
Statystyki odpowiedzi
Hint Odpowiedź % Poprawnych
7 Alaska
61%
26 Teksas
47%
10 Quebec
37%
5 Nunavut
26%
4 Grenlandia
24%
14 Tybet
24%
3 Krasnoyarsk Krai
18%
16 Ontario
13%
1 Sakha
13%
2 Western Australia
13%
36 Yukon
13%
29 Alberta
11%
9 Amazonas
11%
31 Manitoba
11%
30 Saskatchewan
11%
11 Northern Territory
8%
13 Para
8%
6 Queensland
8%
18 British Colombia
5%
27 Eastern
5%
15 Inner Mongolia
5%
22 Irkutsk Oblast
5%
38 Kamchatka
5%
19 Mato Grosso
5%
20 New South Wales
5%
12 Northwest Territories
5%
17 South Australia
5%
23 Yamalo-Nenets
5%
33 Bahia
3%
24 Chukotka
3%
21 Khabarovsk Krai
3%
34 Khanty-Mansiysk
3%
39 Magadan Oblast
3%
32 Minas Gerais
3%
25 Qinghai
3%
35 Sichuan
3%
28 Agadez
0%
40 Heilongjiang
0%
37 Kufra
0%
8 Xinjiang
0%
Nie znaleziono quizów pasujących do podanych kryteriów
Rozkład punktacji
Procent ludzi z każdym wynikiem
Percentyl według liczby udzielonych odpowiedzi
Twoja historia wyników
Nie rozwiązałeś tego quizu